00631nam a2200229Ia 4500008004100000020001800041050001400059100002200073245002700095245002500122260001500147260001600162260000900178300001600187300002600203300001000229300001500239440000600254500000800260999001900268952011400287170918s9999 xx 000 0 und d a9780545746168 bS857 2015 aStilton, Geronimo aI'm a scaredy-mouse! / cby Geronimo Stilton. aNew York : bScholastic, c2015 a113 pages : bcolor illustrations ; c19cm. eCavemice ; a7 a720 c344154d344154 001040aSSISMbSSISMd2017-09-18l0oGS FIC S857ca 2015 bk 7pSSISM3226r2017-09-18 00:00:00w2017-09-18yBK